00310nam a2200109Ia 4500008004100000041000800041100001900049245005200068260003500120300000900155700003600164250110s9999 xx 000 0 und d aeng aHingne Neeraja aInstitute Of Tourism And Hotel Management : Goa bFinal Year B. Arch, BNCAc2011 a144p aGuide Name:Sahstrabuddhe Chetan